
Library Catalogue

| 000 -LEADER | |
|---|---|
| fixed length control field | 00473nam a2200181Ia 4500 |
| 005 - DATE AND TIME OF LATEST TRANSACTION | |
| control field | 20260413045605.0 |
| 008 - FIXED-LENGTH DATA ELEMENTS--GENERAL INFORMATION | |
| fixed length control field | 160316s1996 xxu||||| |||| 00| 0 eng d |
| 020 ## - INTERNATIONAL STANDARD BOOK NUMBER | |
| International Standard Book Number | 9782091812182 (hbk.) |
| 082 ## - DEWEY DECIMAL CLASSIFICATION NUMBER | |
| Classification number | 445 ROB |
| 100 ## - MAIN ENTRY--PERSONAL NAME | |
| Personal name | Robert, Le |
| 245 ## - TITLE STATEMENT | |
| Title | Conjugaison / |
| Statement of responsibility, etc. | Robert Lee and Nathan |
| 260 ## - PUBLICATION, DISTRIBUTION, ETC. | |
| Place of publication, distribution, etc. | Paris : |
| Name of publisher, distributor, etc. | Rue Mechain, |
| Date of publication, distribution, etc. | 1996. |
| 300 ## - PHYSICAL DESCRIPTION | |
| Extent | 255 p. ; |
| Dimensions | 23 cm. |
| 365 ## - TRADE PRICE | |
| Price amount | Gratis |
| 650 ## - SUBJECT ADDED ENTRY--TOPICAL TERM | |
| Topical term or geographic name entry element | French language -- Grammar |
| 700 ## - ADDED ENTRY--PERSONAL NAME | |
| Personal name | Nathan |
| -- | |
| 942 ## - ADDED ENTRY ELEMENTS (KOHA) | |
| Source of classification or shelving scheme | Dewey Decimal Classification |
| Koha item type | BOOKs |
| Withdrawn status | Lost status | Damaged status | Not for loan | Home library | Current library | Shelving location | Date acquired | Total Checkouts | Full call number | Barcode | Date last seen | Price effective from | Koha item type |
|---|---|---|---|---|---|---|---|---|---|---|---|---|---|
| . | . | 30.05.2017 | 445 ROB-1 | 15167 | 14.06.2024 | 30.05.2017 | BOOKs | ||||||
| . | . | NAB Compactor | 30.05.2017 | 445 ROB-2 | 15168 | 30.05.2017 | 30.05.2017 | BOOKs | |||||
| . | . | NAB Compactor | 30.05.2017 | 445 ROB-3 | 15169 | 30.05.2017 | 30.05.2017 | BOOKs |